| 000 | 01482nam a2200385 a 4500 | ||
|---|---|---|---|
| 001 | 000115205 | ||
| 003 | CHAP | ||
| 005 | 20220329144523.0 | ||
| 008 | 181128s2018 mx a sm |||||||spa d | ||
| 010 | _a111666 | ||
| 011 | _a112638 | ||
| 040 | _cCHAP | ||
| 090 | _aTesis | ||
| 100 | 1 |
_aSantiago García, Florinda. _9136194 |
|
| 245 | 1 | 0 |
_aEtiología de la peca negra de la sábila (Aloe vera L.) en Texcoco, Estado de México / _h[En línea] _cpor Florinda Santiago García. |
| 260 |
_aChapingo, Méx. : _bEl autor, _c2018. |
||
| 500 | _aPara ver el contenido del material haga clic en la liga | ||
| 502 | _aTesis (Ing. Agr. Esp. en Parasitología Agrícola) -- UACH. Departamento de Parasitología Agrícola | ||
| 590 |
_aBATCH-UPD _b10 _c20190619 _lUCH01 _h1143 |
||
| 590 |
_aE11695DGD _b10 _c20190619 _lUCH01 _h1142 |
||
| 590 |
_aE8697GMM _b05 _c20181128 _lUCH01 _h1258 |
||
| 590 |
_aE8697GMM _b05 _c20181128 _lUCH01 _h1300 |
||
| 590 |
_aE8697GMM _b05 _c20181203 _lUCH01 _h1246 |
||
| 590 |
_aE8697GMM _b05 _c20181203 _lUCH01 _h1301 |
||
| 590 |
_aE8697GMM _b05 _c20181203 _lUCH01 _h1350 |
||
| 590 |
_aE8697GMM _b05 _c20190517 _lUCH01 _h1441 |
||
| 650 | 1 | 4 |
_aAgave _xCultivo. _9135401 |
| 650 | 1 | 4 |
_aAlternaria _xFisiología y morfología. _9134508 |
| 650 | 1 | 4 |
_aHongos en suelos. _956130 |
| 650 | 1 | 4 |
_aPlantas ornamentales _xEnfermedades por hongos. _989064 |
| 856 |
_aFinding aid _uhttp://10.13.5.2/tesis/sist115205.pdf _zTeclea aquí |
||
| 901 | _aBK | ||
| 942 | _cTESIS | ||
| 942 | _n0 | ||
| 999 |
_c111666 _d111666 |
||